Primates of the world : (Record no. 865)

MARC details
000 -LEADER
fixed length control field 02386cam a22004697i 4500
005 - DATE AND TIME OF LATEST TRANSACTION
control field 20260322212037.0
008 - FIXED-LENGTH DATA ELEMENTS--GENERAL INFORMATION
fixed length control field data
010 ## - LIBRARY OF CONGRESS CONTROL NUMBER
LC control number 2013930446
016 7# - NATIONAL BIBLIOGRAPHIC AGENCY CONTROL NUMBER
Record control number 016433742
Source Uk
020 ## - INTERNATIONAL STANDARD BOOK NUMBER
International Standard Book Number 0691156956
020 ## - INTERNATIONAL STANDARD BOOK NUMBER
International Standard Book Number 9780691156958
040 ## - CATALOGING SOURCE
Original cataloging agency YDX
Language of cataloging eng
Transcribing agency YDX
Description conventions rda
Modifying agency DLC
-- BDX
-- UKMGB
-- YAM
-- B@L
-- YDXCP
-- OCP
-- MOF
-- FOLLT
-- DLC
041 1# - LANGUAGE CODE
Language code of text/sound track or separate title eng
Language code of original fre
042 ## - AUTHENTICATION CODE
Authentication code lccopycat
050 00 - LIBRARY OF CONGRESS CALL NUMBER
Classification number QL737.P9
Item number P4413 2013
082 04 - DEWEY DECIMAL CLASSIFICATION NUMBER
Classification number 599/.8
Edition information 23
092 ## - LOCALLY ASSIGNED DEWEY CALL NUMBER (OCLC)
Classification number 599.8 Pet 2010
001 - CONTROL NUMBER
control field data
100 1# - MAIN ENTRY--PERSONAL NAME
Personal name Petter, Jean-Jacques,
Relator term author.
240 10 - UNIFORM TITLE
Uniform title Primates.
Language of a work English
245 10 - TITLE STATEMENT
Title Primates of the world :
Remainder of title an illustrated guide /
Statement of responsibility, etc. Jean-Jacques Petter & François Desbordes.
264 #1 - PRODUCTION, PUBLICATION, DISTRIBUTION, MANUFACTURE, AND COPYRIGHT NOTICE
Place of production, publication, distribution, manufacture Princeton :
Name of producer, publisher, distributor, manufacturer Princeton University Press,
Date of production, publication, distribution, manufacture, or copyright notice [2013]
264 #4 - PRODUCTION, PUBLICATION, DISTRIBUTION, MANUFACTURE, AND COPYRIGHT NOTICE
Date of production, publication, distribution, manufacture, or copyright notice ©2013
300 ## - PHYSICAL DESCRIPTION
Extent 186 pages :
Other physical details color illustrations, color maps ;
Dimensions 27 cm
336 ## - CONTENT TYPE
Content type term text
Content type code txt
Source rdacontent
336 ## - CONTENT TYPE
Content type term still image
Content type code sti
Source rdacontent
337 ## - MEDIA TYPE
Media type term unmediated
Media type code n
Source rdamedia
338 ## - CARRIER TYPE
Carrier type term volume
Carrier type code nc
Source rdacarrier
500 ## - GENERAL NOTE
General note Translation of: Primates. ©2010.
504 ## - BIBLIOGRAPHY, ETC. NOTE
Bibliography, etc. note Includes bibliographical references (pages 182-183) and index.
520 ## - SUMMARY, ETC.
Summary, etc. This stunningly illustrated guide to the world's primates covers nearly 300 species, from the feather-light and solitary pygmy mouse lemurs of Madagascar--among the smallest primates known to exist--to the regal mountain gorillas of Africa. Organized by region and spanning every family of primates on Earth, the book features 72 splendid color plates, facing-page descriptions of key features of each family, and 86 color distribution maps --
Assigning source Source other than Library of Congress.
650 #0 - SUBJECT ADDED ENTRY--TOPICAL TERM
Topical term or geographic name entry element Primates
Form subdivision Identification.
650 #0 - SUBJECT ADDED ENTRY--TOPICAL TERM
Topical term or geographic name entry element Primates
General subdivision Geographical distribution.
700 1# - ADDED ENTRY--PERSONAL NAME
Personal name Desbordes, François.
856 42 - ELECTRONIC LOCATION AND ACCESS
Materials specified Contributor biographical information
Uniform Resource Identifier <a href="http://www.loc.gov/catdir/enhancements/fy1404/2013930446-b.html">http://www.loc.gov/catdir/enhancements/fy1404/2013930446-b.html</a>
856 42 - ELECTRONIC LOCATION AND ACCESS
Materials specified Publisher description
Uniform Resource Identifier <a href="http://www.loc.gov/catdir/enhancements/fy1404/2013930446-d.html">http://www.loc.gov/catdir/enhancements/fy1404/2013930446-d.html</a>
856 41 - ELECTRONIC LOCATION AND ACCESS
Materials specified Table of contents only
Uniform Resource Identifier <a href="http://www.loc.gov/catdir/enhancements/fy1404/2013930446-t.html">http://www.loc.gov/catdir/enhancements/fy1404/2013930446-t.html</a>
906 ## - LOCAL DATA ELEMENT F, LDF (RLIN)
a 7
b cbc
c copycat
d 2
e ncip
f 20
g y-gencatlg
925 0# -
-- acquire
-- 1 shelf copy
-- policy default
Holdings
Withdrawn status Lost status Damaged status Not for loan Home library Current library Shelving location Date acquired Total checkouts Full call number Barcode Date last seen Price effective from Koha item type
        Centerville Centerville General stacks 22/03/2026   599/.8 23 BC0010890 22/03/2026 22/03/2026 Books